Vzrast časopis zamestnancov Slovenských elektrotechnických závodov, n.p. Krompachy

Podrobná bibliografia
Médium: Seriál
Jazyk:slovenčina
Fyzický popis:zv. 46 x 31 cm
Vydavateľské údaje: Krompachy ZS ROH pri Moravských elektrotechnických závodoch 1950-1951, 1954-1955, 1959-1967
1954-1955 Krompachy ZO KSS, ZS ROH, ZS ČSM a správa závodu Moravských elektrotechnických závodov
1959-1964 Krompachy ZO KSS, ZV ROH, ZO ČSM a vedenie podniku
1965-1967 Krompachy Dolný Kubín $a Kremnica CZV KSS, spoločenské organizácie, vedenie podniku a závodov
Predmet:

MARC

LEADER 00000cas a2200000 a 4500
001 vtls008844831
003 SK-MaSNL
005 20260228161357.0
008 060906d19501967xo br 0 0slo
040 |a SNK  |b slo  |c SNK  |e AACR2 
041 0 |a slo 
044 |a xo  |c SK 
072 7 |a 621.3  |x Elektrotechnika  |2 konspekt 
080 |a 621.3  |2 2011 
080 |a 050  |2 2011 
080 |a (085.3)  |2 2011 
245 0 0 |a Vzrast  |b časopis zamestnancov Slovenských elektrotechnických závodov, n.p. Krompachy 
260 |a Krompachy  |b ZS ROH pri Moravských elektrotechnických závodoch  |c 1950-1951, 1954-1955, 1959-1967 
260 2 |a 1954-1955  |a Krompachy  |b ZO KSS, ZS ROH, ZS ČSM a správa závodu Moravských elektrotechnických závodov 
260 2 |a 1959-1964  |a Krompachy  |b ZO KSS, ZV ROH, ZO ČSM a vedenie podniku 
260 3 |a 1965-1967  |a Krompachy  |a Dolný Kubín $a Kremnica  |b CZV KSS, spoločenské organizácie, vedenie podniku a závodov  |e Košice  |f Východoslovenské tlačiarne 
300 |a zv.  |c 46 x 31 cm 
310 |a 2x mesačne  |b 1954-1955 ; 1959-1967 
321 |a 1x mesačne  |b 1950-1951 
362 0 |a Roč. 1, č. 1 (24. jan. 1950)-roč. 2, č. 4 (1951) ; roč. 1, č. 1 (5. nov. 1954)-roč. 2, č. 5 (10. marec 1955 ); roč. 1, č. 1 (21. jan. 1959)-roč. 9, č. 5 (1967) 
500 |a Podnázov: v r. 1950, časopis zamestnancov MEZ Krompachy, národný podnik ; v r. 1951, 1954-1955: závodný časopis zamestnancov n.p. MEZ Krompachy 
500 |a Časopis Vzrast vychádzal v r. 1950-1951 a opätovne r. 1954-1955 ako závodný časopis MEZ Krompachy. Od r. 1959 ako Slovenských elektrotechnických závodov v Krompachoch 
650 0 7 |a elektrotechnika  |2 SNKPH  |9 3619 
655 7 |a podnikové periodiká  |2 SNKPH  |9 132333 
710 2 |a Slovenské elektrotechnické závody (Krompachy, Slovensko)  |4 pbl  |9 268510 
910 |a snk 
999 |c 5161  |d 7091 
952 |0 0  |1 0  |4 0  |7 0  |a SNK  |b SNK  |d 2006-09-06  |i snkII.1708/55  |l 0  |o snkČSB 851/1/1954  |p 17A0519513  |r 2026-02-21 20:18:17  |t č. 1-4  |w 2026-02-21  |y PREZ 
952 |0 0  |1 0  |4 0  |7 0  |a SNK  |b SNK  |d 2006-09-06  |i snkČSP 789/57  |l 0  |o snkČSB 851/2/1955  |p 17A0519366  |r 2026-02-21 20:18:17  |t č. 1-5  |w 2026-02-21  |y PREZ